LEADER 02856nam 2200589Ia 450 001 9910454187103321 005 20200520144314.0 010 $a1-281-80657-9 010 $a9786611806576 010 $a0-8261-9723-X 035 $a(CKB)1000000000576908 035 $a(EBL)423239 035 $a(OCoLC)476261619 035 $a(SSID)ssj0000244463 035 $a(PQKBManifestationID)11923141 035 $a(PQKBTitleCode)TC0000244463 035 $a(PQKBWorkID)10169770 035 $a(PQKB)10197291 035 $a(MiAaPQ)EBC423239 035 $a(Au-PeEL)EBL423239 035 $a(CaPaEBR)ebr10265511 035 $a(EXLCZ)991000000000576908 100 $a20010516d2002 uy 0 101 0 $aeng 135 $aur|n|---||||| 181 $ctxt 182 $cc 183 $acr 200 00$aServing mentally ill offenders$b[electronic resource] $echallenges and opportunities for mental health professionals /$fGerald Landsberg ... [et al.] 210 $aNew York $cSpringer$dc2002 215 $a1 online resource (369 p.) 225 1 $aSpringer series on family violence 300 $aDescription based upon print version of record. 311 $a0-8261-1504-7 320 $aIncludes bibliographical references and index. 327 $aContents; Contributors; Introduction; SECTION I: JAIL/PRISON SERVICES FOR INCARCERATED POPULATIONS; SECTION II: COMMUNITY-BASED DIVERSION PROGRAMS; SECTION III: SERVING EMOTIONALLY DISTURBED WOMEN; SECTION IV: SERVING THE VICTIMS OF MENTALLY ILL OFFENDERS; SECTION V: PERSPECTIVES FROM THE LEGAL SYSTEM: ISSUES FOR MENTAL HEALTH PROFESSIONALS; SECTION VI: SCREENING INSTRUMENTS; Conclusion; Index 330 $aThis comprehensive book addresses the complex issues associated with the criminalization of mentally ill offenders in the United States and the ways in which social workers and other mental health professionals can best channel their efforts to create better services and treatment. Specialists in law enforcement, community-based mental health and outreach, the legal community, the corrections environment, and substance abuse providers present best practices and programs that offer rehabilitation alternatives to mentally ill offenders. Unique to this volume is the perspective provided by key pl 410 0$aSpringer series on family violence. 606 $aMentally ill offenders$xCare$zUnited States 606 $aMentally ill offenders$xServices for$zUnited States 608 $aElectronic books. 615 0$aMentally ill offenders$xCare 615 0$aMentally ill offenders$xServices for 676 $a362.2/086/9270973 701 $aLandsberg$b Gerald$01036627 801 0$bMiAaPQ 801 1$bMiAaPQ 801 2$bMiAaPQ 906 $aBOOK 912 $a9910454187103321 996 $aServing mentally ill offenders$92457065 997 $aUNINA LEADER 01675nam 2200505 450 001 9910830011103321 005 20230808205300.0 010 $a1-118-94320-1 010 $a1-118-94319-8 010 $a1-118-94318-X 035 $a(CKB)4330000000007610 035 $a(EBL)4659672 035 $a(MiAaPQ)EBC4659672 035 $a(EXLCZ)994330000000007610 100 $a20160429d2016 uy| 0 101 0 $aeng 135 $aur|n|---||||| 181 $2rdacontent 182 $2rdamedia 183 $2rdacarrier 200 00$aDrug delivery systems for tuberculosis prevention and treatment /$feditor, Anthony J. Hickey ; consulting editors, Amit Misra, P. Bernard Fourie 210 1$aChichester, West Sussex :$cJohn Wiley & Sons Incorporated,$d2016. 215 $a1 online resource (458 p.) 225 1 $aAdvances in pharmaceutical technology 300 $aDescription based upon print version of record. 311 $a1-118-94317-1 320 $aIncludes bibliographical references and index. 410 0$aAdvances in pharmaceutical technology. 606 $aTuberculosis$xPrevention 606 $aTuberculosis$xTreatment 606 $aDrug delivery systems 615 0$aTuberculosis$xPrevention. 615 0$aTuberculosis$xTreatment. 615 0$aDrug delivery systems. 676 $a614.5/42 702 $aHickey$b Anthony J.$f1955- 702 $aMisra$b Amit 702 $aFourie$b P. B$g(Petrus Bernardus), 801 0$bMiAaPQ 801 1$bMiAaPQ 801 2$bMiAaPQ 906 $aBOOK 912 $a9910830011103321 996 $aDrug delivery systems for tuberculosis prevention and treatment$94040230 997 $aUNINA